000 00381nam a2200181Ia 4500
100 _aThareja/Reema
650 _aDatastructures
250 _a2
942 _cBK
366 _f20
654 _adatastructures. C
245 _aDatastructures using C
260 _bOxford university press
_c2014
082 _a5.133
_bTHA
300 _a531
546 _aENGLISH
999 _c30280
_d30280